Central Library OPAC University of Rajshahi

تارىخ ادبيات در ايران ;; Tārīkh-i adabīyāt dar Īrān : (Record no. 78665)

MARC details
000 -LEADER
fixed length control field 01156cam a22002891a 4500
001 - CONTROL NUMBER
control field 78665
003 - CONTROL NUMBER IDENTIFIER
rucl marc code BD-RjUL
005 - DATE AND TIME OF LATEST TRANSACTION
control field 20211209083147.0
008 - FIXED-LENGTH DATA ELEMENTS--GENERAL INFORMATION
fixed length control field 211029m13731952ir a b 001 0 pero
035 ## - SYSTEM CONTROL NUMBER
System control number (BD-RjUL)78891
040 ## - CATALOGING SOURCE
Original cataloging agency BD-RjUL
Transcribing agency BD-RjUL
Language of cataloging eng
041 ## - LANGUAGE CODE
Language code of text/sound track or separate title per
082 ## - DEWEY DECIMAL CLASSIFICATION NUMBER
Edition number 23
Classification number 891.55109
Author mark and year SAT 1952
100 ## - MAIN ENTRY--PERSONAL NAME
Personal name صفا، ذبىح الله ;; Safa, zabihullah
9 (RLIN) 249444
245 10 - TITLE STATEMENT
Title تارىخ ادبيات در ايران ;; Tārīkh-i adabīyāt dar Īrān :
Statement of responsibility, etc. صفا، ذبىح الله. تاليف ذبىح الله صفا.; ; Z̲abīḥ Allāh Ṣafā
260 ## - PUBLICATION, DISTRIBUTION, ETC. (IMPRINT)
Place of publication, distribution, etc. Tihrān :
Name of publisher, distributor, etc. فردوس ؛ ; : Firdaws ; Ba hamkari-i Nashr-i Nida
Date of publication, distribution, etc. 1994
300 ## - PHYSICAL DESCRIPTION
Pagination volumes :
Illustrations illustrations ;
Size 25 cm
504 ## - BIBLIOGRAPHY, ETC. NOTE
Bibliography, etc Includes bibliographical references and indexes.
505 ## - FORMATTED CONTENTS NOTE
Formatted contents note Vol. 3.--
650 #0 - SUBJECT ADDED ENTRY--TOPICAL TERM
Topical term or geographic name as entry element Persian literature
General subdivision History and criticism.
9 (RLIN) 249440
Topical term or geographic name as entry element Pahlavi literature
General subdivision History and criticism.
9 (RLIN) 249441
Topical term or geographic name as entry element Pahlavi literature.
Source of heading or term fast
Authority record control number (OCoLC)fst01050371
9 (RLIN) 249442
Topical term or geographic name as entry element Persian literature.
Source of heading or term fast
Authority record control number (OCoLC)fst01058528
9 (RLIN) 249443
942 ## - ADDED ENTRY ELEMENTS (KOHA)
Source of classification or shelving scheme Dewey Decimal Classification
Koha item type Books
Holdings
Lost status Source of classification or shelving scheme Damaged status Not for loan Collection code Permanent Location Current Location Shelving location Date acquired Total Checkouts Full call number Date last seen Copy number Koha item type
  Dewey Decimal Classification   Not For Loan Non-fiction Central Library, University of Rajshahi Central Library, University of Rajshahi Reading Room 28/10/2021   F 891.55109 SAT 1952 28/10/2021 C-1 Books